Holiday Quiz

Random Holiday or Christmas Quiz

Christmas Ransom Note Quiz Stats

 Plays Quiz Updated Dec 21, 2017

Score 0/31 Timer 06:00
0 Plays Today
% Correct
Superman
95.9%
Honda
95.2%
Monster
95.2%
Amazon
93.5%
Twitter
92.3%
Subway
91.2%
Internet
Explorer
91.1%
Holiday Inn
85%
Motorola
84%
The Incredibles
83.1%
Pinterest
83%
Skype
82.4%
Pokémon
80.4%
Nintendo 64
78.7%
Disney
77%
CNN
73.1%
% Correct
Avengers
72%
Nescafé
69.1%
M*A*S*H
68.5%
Adobe
63.4%
Rolls-Royce
60.1%
Harry Potter
58%
Rockstar
Games
57%
SEGA
48.7%
Robin
44.6%
Wordpress
35.3%
Google
32.1%
Ray-Ban
31.2%
Sporcle
29.7%
Audi
24.7%
North
17.9%

You're not logged in!

Compare scores with friends on all Sporcle quizzes.
OR
Log In

Show Comments

Extras

Top Quizzes Today


Score Distribution

Your Account Isn't Verified!

In order to create a playlist on Sporcle, you need to verify the email address you used during registration. Go to your Sporcle Settings to finish the process.

Report this User

Report this user for behavior that violates our Community Guidelines.

Details: